000 00342nam a22001457a 4500
008 221216b ||||| |||| 00| 0 eng d
020 _a9781418055462
041 _aeng
080 _a610.73
082 _a610.73McC
100 _a9
101 _aINF
245 _aCASE STUDIES IN HEALTH INFORMATION MANAGEMENT
_cMcCUEN CH
942 _2udc
_cBK
999 _c59201
_d59201